LEADER 01238nam 2200361 450 001 000006207 005 20070503173300.0 100 $a20001129d1911----km-y0itay0103----ba 101 0 $aeng 102 $aUS 200 1 $aJust Patty$fby Jean Webster$gillustrated by C.M. Relyea 200 1 $a1 $n0003854 210 $aNew York$cGrosset & Dunlap$d1911 215 $a341 p., [8] c. di tav.$d19 cm. 676 $a813.52$v(20 ed.)$9Narrativa americana in inglese. 1900-1945 700 1$aWebster,$bJean$f<1876-1916>$0439736 801 0$aIT$bUniversità della Basilicata - B.I.A.$gRICA$2unimarc 912 $a000006207 996 $aJust Patty$975625 997 $aUNIBAS BAS $aMONLET BAS $aMONOGR BAS $aLETTERE CAT $aGENOVESE$b01$c20001129$lBAS01$h1132 CAT $aTROMBONE$b20$c20001130$lBAS01$h1112 CAT $c20050601$lBAS01$h1753 CAT $abatch$b01$c20050718$lBAS01$h1049 CAT $c20050718$lBAS01$h1108 CAT $c20050718$lBAS01$h1138 CAT $c20050718$lBAS01$h1152 CAT $aBATCH$b00$c20070503$lBAS01$h1733 FMT Z30 -1$lBAS01$LBAS01$mBOOK$1BASA1$APolo Storico-Umanistico$2GEN$BCollezione generale$3FP/4944$64944$5L4944$820001129$f02$FPrestabile Generale